000 00451nam a2200193Ia 4500
005 20240823045843.0
008 240823s9999||||xx |||||||||||||| ||und||
020 _a978-81-8094-114-6
041 _aENGLISH
082 _A539 Q2
100 _aIlangovan K
245 0 _aNuclear Physics
250 _a1st
260 _c2012
_b"MJP Publishers,Ch"
_aChennai
500 _aYES
650 _aNuclear Physics
_bPhysics
942 _cBK
999 _c215911
_d215911